Star Alliance Airlines - Statistics

General Stats
  • This quiz has been taken 858 times
  • The average score is 15 of 26
Answer Stats
Hint Answer % Correct
Air China
86%
ANA
82%
Lufthansa
82%
United
82%
South African Airways
79%
Air Canada
67%
Singapore Airlines
67%
EVA Air
66%
Ethiopian Airlines
63%
SWISS
62%
LOT Polish Airlines
60%
Air New Zealand
59%
Austrian
58%
THAI
58%
Turkish Airlines
58%
Croatia Airlines
57%
TAP Portugal
52%
Avianca
50%
Brussels Airlines
47%
Asiana Airlines
46%
Egypt Air
45%
Aegean Airlines
44%
Scandinavian Airlines
44%
Copa Airlines
35%
Adria Airways
27%
Shenzhen Airlines
23%
No matching quizzes found
Score Distribution
Percent of People with Each Score
Percentile by Number Answered
Your Score History
You have not taken this quiz